000 01409njm a2200337Ia 4500
001 26496
003 IT-RoPAU
005 20220918181158.0
008 131025s9999 xx 000 0 und d
040 _aIT-RoPAU
040 _cIT-RoPAU
999 _c102756
_d102756
999 _bNO
100 _aRestagno Enzo
_914371
100 _eAutore testo
_915776
100 _gCodice autore testo SPICS: 11113
_914373
245 _aBiennale musica 1985: Europa 50/80 generazioni a confronto-4
250 _a1a ed.
260 _aROMA
260 _bSPICS RECORDS
_c1985 [1a Ed.:1985]
300 _aMUSICASSETTA
300 _c90 minuti (Testo: pag.)
500 _aMusica strumentale.
505 _aQuaestio temporis per orchestra - Ideogrammi n 1 per 16 strumenti - Des Freundes Umnachtung. Dialoghi sinfonici per orchestra
511 _aOrchestra Sinfonica di Milano della Rai
650 _aSTRUMENTALE [CASSETTE]
_eCodice MATERIA SPICS: 9951
_91218
700 _aKrenek Ernst
_dCodice autore musica SPICS: 5003
_eAutore musica
_pQuaestio temporis per orchestra
_915777
700 _aClementi Aldo
_dCodice autore musica SPICS: 7968
_eAutore musica
_pIdeogrammi n 1 per 16 strumenti
_915778
700 _aIncardona Federico
_dCodice autore musica SPICS: 10951
_eAutore musica
_pDes Freundes Umnachtung. Dialoghi sinfonici per orchestra
_915779
700 _aRestagno Enzo
_dCodice autore SPICS: 11113
_eAutore
_915780
942 _cMC
_2ddc